Т. 1: Русская платформа; Геологическое строение СССР и закономерности размещения полезных ископаемых

Podrobná bibliografie
Parent link:Геологическое строение СССР и закономерности размещения полезных ископаемых: в 10 т./ Академия наук СССР (АН СССР) ; гл. ред. Е. А. Козловский. Т. 1 : Русская платформа.— , 1984-1989
Korporace: Всесоюзный научно-исследовательский геологический институт (ВСЕГЕИ), Всесоюзный нефтяной научно-исследовательский геологоразведочный институт (ВНИГРИ)
Další autoři: Наливкин В. Д. (редактор), Якобсон К. Э.
Jazyk:ruština
Vydáno: 1985
Témata:
Médium: MixedMaterials Kniha
KOHA link:https://koha.lib.tpu.ru/cgi-bin/koha/opac-detail.pl?biblionumber=277527

MARC

LEADER 00000nam2a2200000 4500
001 277527
005 20231101235026.0
035 |a (RuTPU)RU\TPU\book\300802 
035 |a RU\TPU\book\235756 
090 |a 277527 
100 |a 20141203d1985 k y0rusy5003 ca 
101 0 |a rus 
102 |a RU 
105 |a a z 000zy 
200 0 |a Т. 1: Русская платформа  |f Всесоюзный научно-исследовательский геологический институт (ВСЕГЕИ) ; Всесоюзный нефтяной научно-исследовательский геологоразведочный институт (ВНИГРИ) ; под ред. В. Д. Наливкина , К. Э. Якобсона 
210 |d 1985 
215 |a 356 с.  |c ил.  |e Прилож: 10 л. схем, карт в папке. 
461 1 |0 (RuTPU)RU\TPU\book\33517  |t Геологическое строение СССР и закономерности размещения полезных ископаемых  |o в 10 т.  |f Академия наук СССР (АН СССР) ; гл. ред. Е. А. Козловский  |v Т. 1 : Русская платформа  |d 1984-1989 
606 1 |a Геология  |y СССР  |2 stltpush  |3 (RuTPU)RU\TPU\subj\6121  |9 34079 
606 1 |a Полезные ископаемые  |x Размещение  |2 stltpush  |3 (RuTPU)RU\TPU\subj\66072  |9 82306 
610 1 |a геологическое строение 
610 1 |a Русская платформа 
610 1 |a глубинное строение 
610 1 |a районирование 
610 1 |a фундаменты 
610 1 |a чехлы 
610 1 |a неотектоника 
610 1 |a геологическая история 
675 |a 55(47+57)  |v 4 
675 |a 553.061  |v 4 
702 1 |a Наливкин  |b В. Д.  |4 340 
702 1 |a Якобсон  |b К. Э.  |4 340 
712 0 2 |a Всесоюзный научно-исследовательский геологический институт (ВСЕГЕИ)  |c (Ленинград)  |c (1939-1991)  |2 stltpush  |3 (RuTPU)RU\TPU\col\11367 
712 0 2 |a Всесоюзный нефтяной научно-исследовательский геологоразведочный институт (ВНИГРИ)  |c (Ленинград)  |c (1929-1991)  |2 stltpush  |3 (RuTPU)RU\TPU\col\7662 
801 0 |a RU  |b 63413507  |c 19960705  |g psbo 
801 1 |a RU  |b 63413507  |c 20120517 
801 2 |a RU  |b 63413507  |c 20171221  |g RCR 
942 |c BK